000 00664nam a2200217 a 4500
999 _c2563
_d2563
001 2563
003 BD-JhCC
005 20171104184646.0
008 171104s1371 bg |||| ||a| 000 0 ben d
035 _a(BD-JhCC) 2563
040 _aBD-JhCC
_dBD-JhCC
041 _aben
082 _a891.443
_bKAS 1371
100 _aকাশেম, মোহাম্মদ আবুল
245 _aসুফিয়ার দস্যুদলন /
_c মোহাম্মদ আবুল কাশেম
260 _aঢাকা :
_bওসমানিয়া ,
_c1371
300 _a145 p .:
_c17 cm .
650 _aBengali Novel
942 _2ddc
_cBK